<?xml version="1.0" encoding="UTF-8"?>
<record
    xmlns:xsi="http://www.w3.org/2001/XMLSchema-instance"
    xsi:schemaLocation="http://www.loc.gov/MARC21/slim http://www.loc.gov/standards/marcxml/schema/MARC21slim.xsd"
    xmlns="http://www.loc.gov/MARC21/slim">

  <leader>04501nam a22003137a 4500</leader>
  <controlfield tag="003">OSt</controlfield>
  <controlfield tag="005">20260515120239.0</controlfield>
  <controlfield tag="008">260121b        |||||||| |||| 00| 0 eng d</controlfield>
  <datafield tag="022" ind1=" " ind2=" ">
    <subfield code="a">0969-5931</subfield>
  </datafield>
  <datafield tag="022" ind1=" " ind2=" ">
    <subfield code="a">1873-6149</subfield>
  </datafield>
  <datafield tag="040" ind1=" " ind2=" ">
    <subfield code="a">TBS</subfield>
    <subfield code="b">EN</subfield>
    <subfield code="c">TBS</subfield>
  </datafield>
  <datafield tag="041" ind1=" " ind2=" ">
    <subfield code="a">eng</subfield>
  </datafield>
  <datafield tag="100" ind1=" " ind2=" ">
    <subfield code="a">Jean, Ruey-Jer</subfield>
    <subfield code="q">Bryan</subfield>
    <subfield code="9">27014</subfield>
    <subfield code="e">author</subfield>
  </datafield>
  <datafield tag="245" ind1=" " ind2=" ">
    <subfield code="a">Drivers and performance implications of international key account management capability</subfield>
    <subfield code="c">/ Ruey-Jer &#x201C;Bryan&#x201D; Jean, Rudolf R. Sinkovics, Daekwan Kim, Yong Kyu Lew.</subfield>
  </datafield>
  <datafield tag="260" ind1=" " ind2=" ">
    <subfield code="b">International Business Review,</subfield>
    <subfield code="c">2015</subfield>
  </datafield>
  <datafield tag="300" ind1=" " ind2=" ">
    <subfield code="a">543-555 pages.</subfield>
  </datafield>
  <datafield tag="362" ind1=" " ind2=" ">
    <subfield code="a">International business review, 2015-08, Vol.24 (4), p.543-555</subfield>
  </datafield>
  <datafield tag="520" ind1=" " ind2=" ">
    <subfield code="a">Key account management plays a pivotal role for managers and practitioners in the maintenance of successful customer&#x2013;supplier relationships. Yet, little is known conceptually or empirically about how suppliers can move beyond market scanning and develop international key account management capabilities in international customer&#x2013;supplier relationships.
Drawing from the dynamic capability literature, we develop and test a model of antecedents and performance implications of suppliers&#x2019; international key account management capabilities. In addition, the moderating effects of cultural distance and supplier information technology advancement are examined.
An analysis of 246 Taiwanese electronics suppliers reveals that market scanning and trust are recognized as critical to the development of suppliers&#x2019; international key account management capabilities. Moreover, these key account management capabilities can facilitate suppliers&#x2019; market performance. Importantly, cultural distance and suppliers&#x2019; IT advancement moderate the impact of market scanning on the development of key account management in international exchange relationships.</subfield>
  </datafield>
  <datafield tag="630" ind1=" " ind2="0">
    <subfield code="a">MSc International Business</subfield>
    <subfield code="9">26977</subfield>
  </datafield>
  <datafield tag="650" ind1=" " ind2="0">
    <subfield code="a">Business logistics</subfield>
    <subfield code="9">2448</subfield>
  </datafield>
  <datafield tag="650" ind1=" " ind2="0">
    <subfield code="a">Business management</subfield>
    <subfield code="9">707</subfield>
  </datafield>
  <datafield tag="650" ind1=" " ind2="0">
    <subfield code="a">Industrial management</subfield>
    <subfield code="9">20469</subfield>
  </datafield>
  <datafield tag="650" ind1=" " ind2="0">
    <subfield code="a">Information technology</subfield>
    <subfield code="9">3592</subfield>
  </datafield>
  <datafield tag="700" ind1=" " ind2=" ">
    <subfield code="a">Sinkovics, Rudolf R.</subfield>
    <subfield code="9">27015</subfield>
    <subfield code="e">author</subfield>
  </datafield>
  <datafield tag="700" ind1=" " ind2=" ">
    <subfield code="a">Kim, Daekwan</subfield>
    <subfield code="9">27016</subfield>
    <subfield code="e">author</subfield>
  </datafield>
  <datafield tag="700" ind1=" " ind2=" ">
    <subfield code="a">Lew, Yong Kyu</subfield>
    <subfield code="9">27017</subfield>
    <subfield code="e">author</subfield>
  </datafield>
  <datafield tag="856" ind1=" " ind2=" ">
    <subfield code="u">https://pdf.sciencedirectassets.com/271686/1-s2.0-S0969593115X00047/1-s2.0-S0969593114001619/main.pdf?X-Amz-Security-Token=IQoJb3JpZ2luX2VjEMX%2F%2F%2F%2F%2F%2F%2F%2F%2F%2FwEaCXVzLWVhc3QtMSJHMEUCIQDbZ3E2xc0kyjFOU9vetDJKK6IrurmxE8t98zU%2B4DwBvQIgGbs2lSbFu8J5z84BBKSwKY%2BpRF1xSu9spPQGBa3Dr38quwUIjv%2F%2F%2F%2F%2F%2F%2F%2F%2F%2FARAFGgwwNTkwMDM1NDY4NjUiDG8ZPjFfBWEEqTbmkCqPBYSOWjMPYiWCzG1XhBQJJTmDeSbwFh5npJ0rjQO%2BPaaf6Sixrf3%2ByR8EPYf36sIpwtrZCj422b9tmf6%2FZJnfB5oDr4zLMJ1kQC06SjN8D72zO4UNSL1adQgZxofabrdUOMw%2FceMsNo1kQ3W0qJOBNHzSxLBYBMOBQJs2fWc89w%2F%2F4%2FYE2dGdypIowKO70t43hIvUmP7qyAqogv28mY9lMqIh4TLr7eX7HnS1s53iqye7NYEcn1VSP%2FbFt1E4HEH3buMg1R%2BkBzRvPyPPDca3Z%2F9KUGBoZaVZqp%2BY%2FCf%2FJeZjoOvp0Gs2m%2BEngmCtl8Q6F37Z501BTuWz2r0%2FqRGnorS6RPKub3MxmW9d6kFrX5hc6fBaR28ItFp3QMB%2B3wRzH43tpdKI6kAcxL7CzVSGkXxK2IK3JSLZnLdee3okYrGhwewue%2FPQ6Oz5aCuf6MvKqJA77nCAFR0fUMX3hKnX30%2BlsK4eb8eBn7jULW%2BS0%2B4HIlvlfp5PzfQNouvvanamm6OS8z3106rx4CcU21fZM5T5ORpsQIOqpS0gO%2FHv4ze9qnzKpUGwZlT3DxkXiRZdHmGNI31ea6Pv4jMWIEYlg7voMTeNn9HABZc5Fih0uWs%2Bm3360ib7juhc8RRrnMvGQEcYTBLUO7raH1bmDJpJmIpHtodC%2Blyh5DvghjFLNOTNc%2BXzg3%2FtmhNUjUOK3U7EjEhwSOZtYDp2jHVvywi4V%2FSMPEJmmrerRZND83hrlB7f3oJhR46X8KkwQctBQPHyKWgZUl28Et0elqxs8yFBfpSJ2NjCyiDi0RYzVK3tp3%2BewUqxB2lJNTjwXTk6ZKBclYUClxFr4R1tJy111OuSIhma1%2B6wy%2FIxu0d1QtTJymowuqenzAY6sQGSpiAn4ybpFsVsdoNdv6z4wUZ%2BpH2IWTuNLhWLeUau%2FFGbkWXjZrRFqdhHbf4gwYd53ERHd272gAsOWD%2B8PhcrfDNVUBNB%2B%2BDV9g04uJEmO%2B5F5HgYQ7NSOhmpa2BDbh1f17D1SnRrMcJbIumxLsELqoDfwcbFYaSfwc9x5%2BVWm9eFibyd9JxNs%2F%2FDuE5sEVXqHHFDmob1yKKexfVPmiLy%2BqwXXLBLpJYjDjRCP0UrQwo%3D&amp;X-Amz-Algorithm=AWS4-HMAC-SHA256&amp;X-Amz-Date=20260209T132715Z&amp;X-Amz-SignedHeaders=host&amp;X-Amz-Expires=300&amp;X-Amz-Credential=ASIAQ3PHCVTY472DF4FE%2F20260209%2Fus-east-1%2Fs3%2Faws4_request&amp;X-Amz-Signature=948c7fe5df27a4e3f57ce956f92624e047cd26e4eb214b6db56af236964ee3d8&amp;hash=a1e67b6c7d5193cedcc6aa0927e895bb88271f0509cab347b596451032796ba3&amp;host=68042c943591013ac2b2430a89b270f6af2c76d8dfd086a07176afe7c76c2c61&amp;pii=S0969593114001619&amp;tid=spdf-25b9e98a-d596-4fb9-880e-e17718297b80&amp;sid=a475499449fb7847374abaa1bcab5d500186gxrqb&amp;type=client&amp;tsoh=d3d3LXNjaWVuY2VkaXJlY3QtY29tLmh1Yi50YnMtZWR1Y2F0aW9uLmZy&amp;rh=d3d3LXNjaWVuY2VkaXJlY3QtY29tLmh1Yi50YnMtZWR1Y2F0aW9uLmZy&amp;ua=1c1d5c02005c005a5154&amp;rr=9cb3b401aa43022d&amp;cc=fr</subfield>
  </datafield>
  <datafield tag="942" ind1=" " ind2=" ">
    <subfield code="2">lcc</subfield>
  </datafield>
  <datafield tag="952" ind1=" " ind2=" ">
    <subfield code="0">0</subfield>
    <subfield code="1">0</subfield>
    <subfield code="2">lcc</subfield>
    <subfield code="4">0</subfield>
    <subfield code="7">0</subfield>
    <subfield code="8">CT</subfield>
    <subfield code="a">TBS</subfield>
    <subfield code="b">TBS</subfield>
    <subfield code="d">2026-05-13</subfield>
    <subfield code="l">0</subfield>
    <subfield code="p">5232</subfield>
    <subfield code="r">2026-05-13</subfield>
    <subfield code="u">https://pdf.sciencedirectassets.com/271686/1-s2.0-S0969593115X00047/1-s2.0-S0969593114001619/main.pdf?X-Amz-Security-Token=IQoJb3JpZ2luX2VjEMX%2F%2F%2F%2F%2F%2F%2F%2F%2F%2FwEaCXVzLWVhc3QtMSJHMEUCIQDbZ3E2xc0kyjFOU9vetDJKK6IrurmxE8t98zU%2B4DwBvQIgGbs2lSbFu8J5z84BBKSwKY%2BpRF1xSu9spPQGBa3Dr38quwUIjv%2F%2F%2F%2F%2F%2F%2F%2F%2F%2FARAFGgwwNTkwMDM1NDY4NjUiDG8ZPjFfBWEEqTbmkCqPBYSOWjMPYiWCzG1XhBQJJTmDeSbwFh5npJ0rjQO%2BPaaf6Sixrf3%2ByR8EPYf36sIpwtrZCj422b9tmf6%2FZJnfB5oDr4zLMJ1kQC06SjN8D72zO4UNSL1adQgZxofabrdUOMw%2FceMsNo1kQ3W0qJOBNHzSxLBYBMOBQJs2fWc89w%2F%2F4%2FYE2dGdypIowKO70t43hIvUmP7qyAqogv28mY9lMqIh4TLr7eX7HnS1s53iqye7NYEcn1VSP%2FbFt1E4HEH3buMg1R%2BkBzRvPyPPDca3Z%2F9KUGBoZaVZqp%2BY%2FCf%2FJeZjoOvp0Gs2m%2BEngmCtl8Q6F37Z501BTuWz2r0%2FqRGnorS6RPKub3MxmW9d6kFrX5hc6fBaR28ItFp3QMB%2B3wRzH43tpdKI6kAcxL7CzVSGkXxK2IK3JSLZnLdee3okYrGhwewue%2FPQ6Oz5aCuf6MvKqJA77nCAFR0fUMX3hKnX30%2BlsK4eb8eBn7jULW%2BS0%2B4HIlvlfp5PzfQNouvvanamm6OS8z3106rx4CcU21fZM5T5ORpsQIOqpS0gO%2FHv4ze9qnzKpUGwZlT3DxkXiRZdHmGNI31ea6Pv4jMWIEYlg7voMTeNn9HABZc5Fih0uWs%2Bm3360ib7juhc8RRrnMvGQEcYTBLUO7raH1bmDJpJmIpHtodC%2Blyh5DvghjFLNOTNc%2BXzg3%2FtmhNUjUOK3U7EjEhwSOZtYDp2jHVvywi4V%2FSMPEJmmrerRZND83hrlB7f3oJhR46X8KkwQctBQPHyKWgZUl28Et0elqxs8yFBfpSJ2NjCyiDi0RYzVK3tp3%2BewUqxB2lJNTjwXTk6ZKBclYUClxFr4R1tJy111OuSIhma1%2B6wy%2FIxu0d1QtTJymowuqenzAY6sQGSpiAn4ybpFsVsdoNdv6z4wUZ%2BpH2IWTuNLhWLeUau%2FFGbkWXjZrRFqdhHbf4gwYd53ERHd272gAsOWD%2B8PhcrfDNVUBNB%2B%2BDV9g04uJEmO%2B5F5HgYQ7NSOhmpa2BDbh1f17D1SnRrMcJbIumxLsELqoDfwcbFYaSfwc9x5%2BVWm9eFibyd9JxNs%2F%2FDuE5sEVXqHHFDmob1yKKexfVPmiLy%2BqwXXLBLpJYjDjRCP0UrQwo%3D&amp;X-Amz-Algorithm=AWS4-HMAC-SHA256&amp;X-Amz-Date=20260209T132715Z&amp;X-Amz-SignedHeaders=host&amp;X-Amz-Expires=300&amp;X-Amz-Credential=ASIAQ3PHCVTY472DF4FE%2F20260209%2Fus-east-1%2Fs3%2Faws4_request&amp;X-Amz-Signature=948c7fe5df27a4e3f57ce956f92624e047cd26e4eb214b6db56af236964ee3d8&amp;hash=a1e67b6c7d5193cedcc6aa0927e895bb88271f0509cab347b596451032796ba3&amp;host=68042c943591013ac2b2430a89b270f6af2c76d8dfd086a07176afe7c76c2c61&amp;pii=S0969593114001619&amp;tid=spdf-25b9e98a-d596-4fb9-880e-e17718297b80&amp;sid=a475499449fb7847374abaa1bcab5d500186gxrqb&amp;type=client&amp;tsoh=d3d3LXNjaWVuY2VkaXJlY3QtY29tLmh1Yi50YnMtZWR1Y2F0aW9uLmZy&amp;rh=d3d3LXNjaWVuY2VkaXJlY3QtY29tLmh1Yi50YnMtZWR1Y2F0aW9uLmZy&amp;ua=1c1d5c02005c005a5154&amp;rr=9cb3b401aa43022d&amp;cc=fr</subfield>
    <subfield code="w">2026-05-13</subfield>
    <subfield code="y">ARTICLE</subfield>
  </datafield>
  <datafield tag="999" ind1=" " ind2=" ">
    <subfield code="c">5232</subfield>
    <subfield code="d">5232</subfield>
  </datafield>
</record>
